EDUCATION and international development an introduction

Salvato in:
Dettagli Bibliografici
Natura: Libro
Lingua:inglese
Pubblicazione: Bloomsbury Academic 2015
Tags: Aggiungi Tag
Nessun Tag, puoi essere il primo ad aggiungerne!!

MARC

LEADER 00000nam a22000007a 4500
008 210713b ||||| |||| 00| 0 eng d
020 |a 9781472506979 
245 |a EDUCATION and international development  |b an introduction  |c edited by Tristan McCowan and Elaine Unterhalter  |g xv, 386p 
250 |c McCowan Tristan 
250 |c Unterhalter, Elaine 
260 |b Bloomsbury Academic  |c 2015  |h London  |i 696463  |i 696464  |l LC2605.Ed8  |m Education- Social aspects - Developing countries  |m Poor children -Education-Developing countries  |m Economic development -Effect of education on  |m McCowan Tristan, 1974- 
500 |a it includes references and index 
942 |a lcc  |c BK  |e JOHNSON  |f 13/07/21 
952 |0 0  |1 0  |2 lcc  |4 0  |6 LC2605 E D8  |7 0  |9 2777  |a ED  |b HOL  |c LP  |d 2021-07-13  |l 0  |o LC2605.Ed8  |p 2021-6636  |r 2021-07-13 00:00:00  |w 2021-07-13  |y BK 
952 |0 0  |1 0  |2 lcc  |4 0  |6 LC2605 E D8  |7 0  |9 2778  |a HOL  |b HOL  |c LP  |d 2021-07-13  |l 0  |o LC2605.Ed8  |p 2021-6637  |r 2021-07-13 00:00:00  |w 2021-07-13  |y BK 
999 |c 1447  |d 1447